00610 a2200193 450000100060000002000150000604000240002110000200004524000340006524500290009930000070012836200090013544000120014465000310015694200070018795201040019495201010029899900170039946693 a8516013731 cAnchieta - Aquarius aBandeira, Pedro10aCavalgando o arco-írislpor10aCavalgando o arco-íris a610 a1999 1aModerna 4aLiteratura infanto-juvenil cBK 00104070a87.1b87.1d2023-11-21l0o028.5 BAN CAVp4749/AQUr2023-11-21 15:13:20w2023-11-21yBK 00102ddc4070a57.2b57.2d2024-07-15l0pfm298r2024-07-15 14:05:36w2024-07-15yBKzFD2/EMu c46693d46693